[Event "21st Alekhine FIDE 2017"]
[Site "Voronezh"]
[Date "2017.06.16"]
[Round "5"]
[White "Chervonenkis, Boris"]
[Black "Maratkanov, Evgeny"]
[Result "0-1"]
[WhiteElo "1918"]
[BlackElo "2145"]
[Annotator "TA"]
[PlyCount "78"]
[EventDate "2017.??.??"]
[EventType "swiss"]
[EventCountry "RUS"]
[SourceTitle "playchess.com"]
[Source "ChessBase"]
[SourceQuality "1"]

{[%evp 9,78,8,26,14,18,-8,-1,-24,0,0,0,-5,21,-5,23,26,21,-16,-16,-8,-8,-23,-20,-8,-11,-32,-31,-47,-27,-46,-18,-26,34,-219,-221,-225,-226,-210,-197,-287,-304,-299,-281,-303,-226,-226,-226,-226,-226,-226,-223,-237,-240,-420,-420,-465,-462,-424,-409,-419,-402,-560,-559,-556,-561,-583,-550,-667,-643,-674,-674]} 1. e4 e6 2. d4 d5 3. Nd2 c5 4. exd5 Qxd5 5. dxc5 Qxc5 (5... Bxc5 6. Ngf3 Nf6 7. Bc4 Qc6 8. O-O Nbd7 9. Qe2 a6 10. a4 b6 11. Nb3 Bb7 12. Nxc5 Nxc5 13. b4 Ncd7 14. Rd1 O-O 15. b5 {½-½ (31) Zherebukh,Y (2605)-So,W (2822) Saint Louis 2017}) 6. Ngf3 {C07: French Tarrasch: 3...c5, 4 Ngf3 and 4 exd5 Qxd5} Nf6 7. Nb3 Qc7 8. Bd3 {The position is equal.} Nc6 9. c3 Bd6 $146 ({Predecessor:} 9... e5 10. O-O Bg4 11. h3 Bh5 12. Qe2 O-O-O 13. Bf5+ {½-½ (45) Peleman,T (2010)-Luyten,R (1787) Brasschaat 2014}) 10. O-O Bd7 11. Qc2 Ng4 {[%cal Rd6h2]} 12. h3 Nge5 13. Nbd4 Nxd4 14. Nxd4 Nxd3 15. Qxd3 a6 16. Be3 O-O 17. Rfd1 {Strongly threatening Nf3.} Rad8 18. Bg5 f6 19. Be3 Bh2+ 20. Kh1 $1 e5 ({Black should play} 20... Rfe8 $11) 21. g3 $2 {[%mdl 8192] [#]} (21. Nf5 $14 Bxf5 22. Qxf5) 21... Bxg3 $1 $19 ({Not} 21... Bxh3 22. Kxh2 Bg4 23. Rh1 $15) 22. fxg3 exd4 23. Bxd4 Bb5 24. Qe3 (24. c4 $142 Bxc4 25. Qc3) 24... Rfe8 25. Qf4 Qd7 ({Much less strong is} 25... Qc6+ 26. Kg1 $19) 26. Rd2 {[#]} Re4 $1 {[%mdl 512]} 27. Qxe4 Bc6 28. Qxc6 Qxc6+ 29. Kh2 Re8 30. Rf2 Qc4 31. a3 $2 (31. b3 Qc7 32. Rg1) 31... Re2 32. Kg2 Qd5+ 33. Kg1 Rxf2 34. Kxf2 {[%mdl 4096] Endgame KQ-KRB} Qf5+ 35. Ke2 Qc2+ {Black is clearly winning.} 36. Kf3 Qxb2 37. Re1 Qxa3 38. Re8+ Kf7 39. Rb8 Qb3 {Precision: White = 25%, Black = 75%.} 0-1

[Event "21st Alekhine FIDE 2017"]
[Site "Voronezh"]
[Date "2017.06.16"]
[Round "5"]
[White "Chervonenkis, Boris"]
[Black "Maratkanov, Evgeny"]
[Result "*"]
[WhiteElo "1918"]
[BlackElo "2145"]
[Annotator "TA"]
[PlyCount "27"]
[EventDate "2017.??.??"]
[EventType "swiss"]
[EventCountry "RUS"]
[SourceTitle "playchess.com"]
[Source "ChessBase"]
[SourceQuality "1"]

{[%evp 1,1,29]} 1. e4 {Predecessor:} e6 $146 2. d4 d5 3. Bd3 dxe4 4. Bxe4 Nf6 5. Bf3 c5 6. Ne2 Nc6 7. Be3 Nd5 8. Bxd5 Qxd5 9. Nbc3 Qxg2 10. Rg1 Qf3 11. Nb5 Rb8 12. dxc5 Bd7 13. Nc7+ Kd8 14. Nb5 {0-1 (54) Kramnik,V (2808)-Caruana,F (2808) Stavanger 2017} *

[Event "21st Alekhine FIDE 2017"]
[Site "Voronezh"]
[Date "2017.06.16"]
[Round "5"]
[White "Perch, Sofya"]
[Black "Napalkov, Vladimir"]
[Result "1/2-1/2"]
[WhiteElo "1874"]
[BlackElo "2031"]
[Annotator "NA"]
[PlyCount "117"]
[EventDate "2017.??.??"]
[EventType "swiss"]
[EventCountry "RUS"]
[SourceTitle "playchess.com"]
[Source "ChessBase"]
[SourceQuality "1"]
[TimeControl "40/5400+30:1800+30"]

{[%evp 8,117,3,2,0,-4,32767,0,15,-10,0,-23,0,0,-2,-33,8,-27,-9,-14,-8,-47,-48,-52,-20,-67,-58,-70,-41,-40,-19,-60,-58,-60,-37,-54,-40,-41,-24,-47,-20,-24,-25,-15,-29,-31,-16,-70,-47,-101,-87,-109,-85,-206,-146,-213,-243,-223,-219,-381,-425,-427,-403,-472,-533,-469,-522,-509,-435,-454,-395,-441,-476,-436,-427,-472,-419,-493,-433,-460,-417,-448,-538,-770,32767,32767,32767,32767,32767,-400,-617,-453,-452,-480,-447,-410,-447,32767,32767,-458,-223,-294,32767,-223,0,13,44,27,62,32767,55,73]} 1. d4 {[%emt 0:00:00]} Nf6 {[%emt 0:00:10]} 2. c4 {[%emt 0:00:00]} e6 {[%emt 0:00:10]} 3. Nc3 {[%emt 0:00:00]} Bb4 {[%emt 0:00:16]} 4. Qc2 {[%emt 0:00:00]} d5 {[%emt 0:00:25]} 5. e3 {[%emt 0:01:14]} O-O {[%emt 0:01:33]} 6. Nf3 {[%emt 0:00:48] LiveBook: 61 Games} c5 {[%emt 0:01:12]} 7. a3 {[%emt 0:02:18]} Bxc3+ {[%emt 0:18:52]} 8. bxc3 {[%emt 0:00:10]} b6 {[%emt 0:01:13]} 9. Bd3 {[%emt 0:04:23]} Bb7 {[%emt 0:00:13]} 10. cxd5 {[%emt 0:00:16]} exd5 {[%emt 0:01:44]} 11. O-O {[%emt 0:03:11]} Nbd7 {[%emt 0:01:08]} 12. Bd2 {[%emt 0:05:47] E52: Nimzo-Indian: Rubinstein: 4...0-0 5 Nf3 d5 6 Bd3 b6} (12. Nd2 Re8 13. Rd1 Rc8 14. Qb1 cxd4 15. cxd4 Ne4 16. Bb2 Qh4 17. Nxe4 dxe4 18. Bb5 Nf6 19. h3 Red8 {½-½ (37) Illescas Cordoba,M (2618)-Gong,Q (2328) Tromsoe 2014}) 12... c4 {[%emt 0:04:48]} 13. Bf5 {[%emt 0:03:00]} Re8 {[%emt 0:00:27]} 14. Bxd7 $146 {[%emt 0:00:42]} ({Predecessor:} 14. a4 Bc6 15. Rfb1 g6 16. Bh3 Ne4 17. Be1 Qf6 18. Rb2 h5 {0-1 (26) Suijdendorp,F (1905)-Travnicek,P (2175) Hergiswil 2001}) 14... Nxd7 {[%emt 0:00:24]} 15. Qf5 {[%emt 0:01:42]} g6 {[%emt 0:03:55]} 16. Qg5 {[%emt 0:02:21]} Nf6 {[%emt 0:03:30]} 17. Rfd1 {[%emt 0:06:37]} Ne4 {[%emt 0:08:46]} 18. Qxd8 {[%emt 0:00:23]} Rexd8 {[%emt 0:01:05]} 19. Rdb1 {[%emt 0:02:03]} Bc6 {[%emt 0:04:04]} 20. a4 {[%emt 0:00:19]} Rdb8 {[%emt 0:00:22]} 21. Be1 {[%emt 0:00:32]} f6 {[%emt 0:00:42]} 22. h3 {[%emt 0:01:46]} Rb7 {[%emt 0:01:25]} 23. Nh2 {[%emt 0:01:54]} Re7 {[%emt 0:02:35]} 24. Nf1 {[%emt 0:05:21]} Bd7 {[%emt 0:05:04]} 25. f3 {[%emt 0:04:19]} Nd6 {[%emt 0:00:22]} 26. Bd2 {[%emt 0:00:11]} Nb7 {[%emt 0:01:55]} 27. Kf2 {[%emt 0:08:50]} Na5 {[%emt 0:01:22]} 28. Rb2 {[%emt 0:00:38]} (28. Re1 $15) 28... Nb3 {[%emt 0:00:20]} 29. Raa2 {[%emt 0:00:07]} Bf5 {[%emt 0:14:46]} 30. Be1 {[%emt 0:06:20]} (30. e4 $17 dxe4 31. Ne3) 30... Bd3 {[%emt 0:00:18]} 31. Nd2 {[%emt 0:00:59]} Rae8 {[%emt 0:03:15]} 32. e4 {[%emt 0:03:06]} dxe4 {[%emt 0:00:45]} 33. Nxe4 {[%emt 0:00:27]} (33. fxe4 {only move.} Kg7 34. a5) 33... Bxe4 {[%emt 0:00:24]} 34. fxe4 {[%emt 0:00:04]} Nc1 {[%emt 0:00:29]} 35. Bd2 {[%emt 0:01:41]} Nxa2 {[%emt 0:00:25]} 36. Rxa2 {[%emt 0:00:05]} Rxe4 {[%emt 0:00:12]} 37. Bc1 {[%emt 0:00:43]} Rb8 {[%emt 0:01:09]} 38. Rb2 {[%emt 0:00:10]} a6 {[%emt 0:00:46]} 39. Kf3 {[%emt 0:00:10]} Re1 {[%emt 0:02:52]} 40. Bf4 {[%emt 0:00:37]} Rb7 {[%emt 0:30:09]} 41. d5 {[%emt 0:30:27]} Kf7 {[%emt 0:00:46]} 42. d6 {[%emt 0:00:30]} Ke6 {[%emt 0:00:27]} 43. Kf2 {[%emt 0:00:51]} Re4 {[%emt 0:00:23]} 44. Bh2 {[%emt 0:00:08]} b5 {[%emt 0:00:21]} 45. axb5 {[%emt 0:00:12]} (45. Rb4 $142) 45... axb5 {[%emt 0:00:33]} 46. Kf3 {[%emt 0:00:13]} f5 {[%emt 0:00:20]} 47. g4 {[%emt 0:00:12]} Kd7 {[%emt 0:00:33]} 48. gxf5 {[%emt 0:00:38]} gxf5 {[%emt 0:00:04]} 49. Rg2 {[%emt 0:00:10]} Re8 {[%emt 0:04:45]} 50. Rg5 {[%emt 0:01:21]} Rf8 {[%emt 0:00:38]} 51. Rg1 {[%emt 0:00:19]} b4 {[%emt 0:00:39]} 52. cxb4 {[%emt 0:00:21]} Rxb4 {[%emt 0:00:07]} 53. Rg7+ {[%emt 0:00:39]} Ke6 {[%emt 0:01:09]} (53... Kc6 $142 54. Rc7+ Kd5) 54. Re7+ {[%emt 0:00:25]} Kd5 {[%emt 0:05:49]} 55. d7 {[%emt 0:00:19]} Rd8 $2 {[%emt 0:02:22]} (55... Rb3+ $19 56. Ke2 Rb2+ 57. Ke3 Kc6) 56. Bc7 {[%emt 0:00:09]} Rxd7 {[%emt 0:00:45]} ({Don't go for} 56... Rbb8 $2 57. Bxb8 Kc6 58. Kf4 $18) 57. Rxd7+ {[%emt 0:00:11]} Kc6 {[%emt 0:00:20]} 58. Rg7 {[%emt 0:02:03]} Rb3+ {[%emt 0:00:53] [#]} 59. Kg2 $16 {[%emt 0:01:01]} 1/2-1/2

[Event "21st Alekhine FIDE 2017"]
[Site "Voronezh"]
[Date "2017.06.17"]
[Round "6"]
[White "Manukovsky, Vladimir"]
[Black "Moiseenko, Andrey"]
[Result "1/2-1/2"]
[WhiteElo "2200"]
[BlackElo "2010"]
[Annotator "TA"]
[PlyCount "100"]
[EventDate "2017.??.??"]
[EventType "swiss"]
[EventCountry "RUS"]
[SourceTitle "playchess.com"]
[Source "ChessBase"]
[SourceQuality "1"]

{[%evp 13,100,26,33,28,41,3,12,6,0,0,3,2,23,0,0,0,8,18,29,19,37,0,3,-24,22,0,0,-37,0,0,0,0,24,-5,-8,-98,-83,-218,-235,-187,-189,-190,-187,-173,-177,-396,-373,-316,-325,-344,-314,-450,-445,-451,-435,-589,-257,-515,-116,-402,-136,-414,-418,-414,-415,-659,-452,-959,-977,-973,-951,-902,0,-91,0,-692,0,-84,0,-636,-36,-53,0,0,0,0,0,0,0]} 1. c4 Nf6 2. Nc3 g6 3. e4 d6 4. d4 Bg7 5. Be2 O-O 6. Bg5 Na6 7. Nf3 h6 8. Be3 {E91: King's Indian: Classical: 6 Be2, unusual replies including 6...c5 and 6...Bg4} Ng4 9. Bd2 e5 $1 {[%cal Re5d4]} 10. dxe5 Nxe5 11. O-O Nxf3+ $146 ({Predecessor:} 11... Be6 12. b3 Nxf3+ 13. Bxf3 c6 14. Rc1 Re8 15. Ne2 Nc5 {½-½ (34) Uhlmann,W (2413)-Cebalo,M (2505) Davos 2006}) 12. Bxf3 Nc5 13. Qc1 Nd3 14. Qc2 Ne5 15. Be2 Be6 16. b3 Nc6 17. Qc1 Kh7 18. Bd3 Nd4 19. f4 f5 20. Be3 Qf6 21. Rb1 Rae8 22. Qd2 c5 23. Rbe1 Nxb3 24. axb3 (24. e5 $1 $11 dxe5 25. axb3) 24... Qxc3 $17 25. Qd1 (25. Qxc3 $17 Bxc3 26. Rd1) 25... fxe4 $19 26. Bb1 b5 27. Qxd6 Qxb3 28. Bxc5 Bxc4 29. Bxe4 $2 (29. Qc6 {is a better defense.} Bxf1 30. Bxf8) 29... Rxe4 30. Rxe4 Bxf1 31. Kxf1 Rf6 32. Qe7 (32. Qd2 $142) 32... Rf7 33. Qe8 Qd1+ 34. Kf2 Qd5 (34... Rc7 $142 35. Qxb5 Qc2+ 36. Re2 Qf5) 35. Kf3 $2 (35. Be3) 35... Qd7 $2 (35... Rc7 $19 36. Be3 b4) 36. Qb8 $2 {[%mdl 8192]} (36. Qxd7 $17 Rxd7 37. Bb4) 36... Qc7 $2 (36... Qd3+ $19 37. Be3 Qd5) 37. Qxb5 $2 {[%mdl 8192]} (37. Qxc7 $17 {was called for.} Rxc7 38. Bd6 Rc3+ 39. Ke2 Rc2+ 40. Kf3) 37... Rf5 38. Rc4 Qf7 $1 {...Qd5+ is the strong threat.} 39. Qb4 (39. g4 $142 Qd5+ 40. Re4) 39... Qd5+ 40. Kf2 {[#]} (40. Re4 $142 a5 41. Qc4 Qxc5 42. Qxc5 Rxc5 43. Re7) 40... a5 $1 {[%cal Ra5b4][%mdl 512]} 41. Qa4 (41. Qxa5 Qxc4) 41... Qd2+ 42. Kf3 {[#]} Qd5+ $2 (42... Rxc5 $1 $19 {[%mdl 512] is more deadly.} 43. Rxc5 Qd3+ 44. Kg4 Qe2+ 45. Kg3 Qe3+ 46. Kg4 Qxc5) 43. Kf2 $17 Qd2+ $2 {[%mdl 8192]} (43... Rh5 $17 44. Qc2 Rxh2) 44. Kf3 $1 $19 {[#]} Qd5+ $2 (44... Rxc5 $1 $19 {[%mdl 512]} 45. Rxc5 Qd3+ 46. Kg4 Qe2+ 47. Kh4 Qf2+ 48. Kh3 Qxc5) 45. Kf2 $17 Qd2+ $2 {[%mdl 8192]} (45... Rf7 $17 46. Be3 Rb7) 46. Kf3 $1 $19 {[#] intending Be3.} Qd3+ $2 (46... Rxc5 $1 $19 {[%mdl 512]} 47. Rxc5 Qd3+ 48. Kg4 Qe2+ 49. Kh4 Qf2+ 50. g3 Qxc5) 47. Be3 $1 $15 Qf1+ (47... Rf7 $15 48. Qc2 Qf1+ 49. Kg3 Re7) 48. Kg3 $11 {The position is equal.} h5 {Strongly threatening ...Qe2.} 49. Qc2 Rd5 {White must now prevent ...Rd3.} 50. Rc7 {White wants to mate with Qc3.} Qe1+ {Precision: White = 22%, Black = 44%.} 1/2-1/2

[Event "21st Alekhine FIDE 2017"]
[Site "Voronezh"]
[Date "2017.06.17"]
[Round "6"]
[White "Ponomariov, Timur"]
[Black "Kondaurov, Yury"]
[Result "0-1"]
[WhiteElo "2196"]
[BlackElo "2046"]
[Annotator "TA"]
[PlyCount "41"]
[EventDate "2017.??.??"]
[EventType "swiss"]
[EventCountry "RUS"]
[SourceTitle "playchess.com"]
[Source "ChessBase"]
[SourceQuality "1"]

{[%evp 9,41,0,23,3,3,-105,-99,-99,-105,-103,-124,-97,-108,-247,-212,-207,-211,-203,-208,-387,-276,-275,-289,-273,-225,-238,-245,-350,-355,-730,-733,-712,-724,-992]} 1. Nc3 Nf6 2. d4 d5 3. Qd3 g6 4. e4 dxe4 5. Nxe4 Bg7 (5... Nc6 {with more complications.} 6. Nxf6+ exf6 7. c3 Bg7 8. Nf3 O-O) (5... Nxe4 6. Qxe4 Bg7 7. Nf3 O-O 8. Bc4 c5 9. Be3 Qc7 10. dxc5 Bxb2 {0-1 (33) Bistric,F (2363)-Palac,M (2569) Sarajevo 2014}) 6. Nf3 {D00: 1 d4 d5: Unusual lines} O-O 7. Bg5 (7. Nxf6+ $11 {keeps the balance.} exf6 8. Be3) 7... Bf5 $17 8. Bxf6 {Black is better.} exf6 ({But not} 8... Bxf6 9. O-O-O $11) 9. O-O-O Re8 $146 ({Predecessor:} 9... Nc6 10. c3 Qd5 11. Nfd2 Qxa2 {0-1 (35) Rodriguez Perez,J (2009)-Garcia Rodriguez,R (2045) Las Palmas 2016}) 10. Nfd2 Nc6 $36 {[%mdl 2048] Black has strong initiative.} 11. g4 (11. c3 $17) 11... Bxe4 12. Nxe4 Qd5 13. Bg2 {[#] Strongly threatening Nxf6+!} Qxa2 14. f4 $2 (14. Qa3 {was necessary.} Qxa3 15. bxa3) 14... Qa1+ 15. Kd2 Qxb2 16. Rb1 Qxd4 17. Qxd4 Nxd4 18. Rxb7 (18. c3 $142 Ne6 19. Rhf1) 18... Rad8 $19 19. f5 $2 {[#]} (19. Kc1) 19... Nxf5+ 20. Kc1 Nh4 21. Rb5 0-1

[Event "21st Alekhine FIDE 2017"]
[Site "Voronezh"]
[Date "2017.06.17"]
[Round "6"]
[White "Provkin, Vladimir"]
[Black "Filippov, Ivan"]
[Result "1-0"]
[WhiteElo "2163"]
[BlackElo "2041"]
[Annotator "NA"]
[PlyCount "92"]
[EventDate "2017.??.??"]
[EventType "swiss"]
[EventCountry "RUS"]
[SourceTitle "playchess.com"]
[Source "ChessBase"]
[SourceQuality "1"]
[TimeControl "40/5400+30:1800+30"]

1. d4 {[%emt 0:10:18]} e6 {[%emt 0:00:25]} 2. Nf3 {[%emt 0:00:06]} d5 {[%emt 0:01:10]} 3. c4 {[%emt 0:00:09]} Nf6 {[%emt 0:01:12]} 4. Nc3 {[%emt 0:00:10]} c6 {[%emt 0:01:12]} 5. Bg5 {[%emt 0:00:22]} Nbd7 {[%emt 0:00:18]} 6. cxd5 {[%emt 0:00:27]} exd5 {[%emt 0:00:08]} 7. e3 {[%emt 0:00:50]} h6 {[%emt 0:01:24]} 8. Bh4 {[%emt 0:00:24]} Qa5 {[%emt 0:01:08]} 9. Bd3 {[%emt 0:03:11]} Bb4 {[%emt 0:04:21]} 10. Qc2 {[%emt 0:01:19]} O-O {[%emt 0:00:36]} 11. O-O {[%emt 0:00:21]} Re8 {[%emt 0:00:08]} 12. a3 {[%emt 0:04:16] D52: Queen's Gambit Declined: Cambridge Springs Variation} (12. Nd2 Bxc3 13. bxc3 Qa3 14. Nb1 Qd6 15. a4 Nf8 16. Nd2 b6 17. Rfe1 Bb7 18. f3 c5 19. Qb2 Bc6 20. Bg3 Qd8 21. Bf2 {1-0 (91) Nguyen Huynh Minh,H (2474)-Juswanto,D (2402) Jakarta 2014}) 12... Bxc3 {[%emt 0:02:32]} 13. bxc3 {[%emt 0:00:06] LiveBook: 4 Games} Ne4 {[%emt 0:00:09]} 14. c4 {[%emt 0:02:25]} Ndf6 {[%emt 0:07:04]} 15. Ne5 {[%emt 0:03:03]} (15. Bxf6 $5 Nxf6 16. c5 $14) 15... Qd2 {[%emt 0:06:49]} 16. cxd5 {[%emt 0:06:46]} cxd5 $146 {[%emt 0:03:55]} ({Predecessor:} 16... Qxc2 $1 $14 17. Bxc2 cxd5 18. Ba4 Re6 19. Rfc1 Ra6 20. Bg3 Be6 21. Rc7 Rb6 22. Rac1 Ne8 23. R7c2 Bf5 {½-½ (23) Srvatka,I (2191)-Hazir,S (2167) Slovakia 2006}) 17. Rfc1 {[%emt 0:11:57]} ({White should play} 17. Qc7 $16 Be6 18. Bxf6 (18. Qxb7 Nc3 $16)) 17... Qxc2 {[%emt 0:00:52]} 18. Rxc2 {[%emt 0:00:05]} g5 {[%emt 0:00:11]} 19. f3 {[%emt 0:07:26]} Nd6 {[%emt 0:12:40]} 20. Be1 {[%emt 0:05:02]} Bf5 {[%emt 0:08:11]} 21. Bxf5 {[%emt 0:03:17]} Nxf5 {[%emt 0:00:07]} 22. Rc7 {[%emt 0:01:45]} Re7 {[%emt 0:04:19]} 23. Rac1 {[%emt 0:00:29]} Ne8 {[%emt 0:01:54]} 24. Rc8 {[%emt 0:11:08]} Rxc8 {[%emt 0:00:16]} 25. Rxc8 {[%emt 0:00:03]} f6 {[%emt 0:07:22]} 26. Bb4 {[%emt 0:11:20]} Re6 {[%emt 0:00:43]} 27. Nd7 {[%emt 0:00:19]} Kf7 {[%emt 0:00:53]} 28. e4 {[%emt 0:06:25]} Ne7 {[%emt 0:15:17] [#]} 29. Rb8 $1 {[%emt 0:02:26]} Nc6 {[%emt 0:00:15]} 30. exd5 $18 {[%emt 0:03:47]} Nxb8 {[%emt 0:03:40]} 31. dxe6+ {[%emt 0:00:05]} Kxe6 {[%emt 0:00:08]} 32. Nxb8 {[%emt 0:00:06]} Kd5 {[%emt 0:00:33]} 33. Bc5 {[%emt 0:01:22]} b6 {[%emt 0:00:31]} 34. Bf8 {[%emt 0:00:10]} a5 {[%emt 0:01:44]} 35. Nd7 {[%emt 0:02:06]} Kc6 {[%emt 0:00:20]} 36. Nxb6 {[%emt 0:01:00]} Kxb6 {[%emt 0:00:09]} 37. Bxh6 {[%emt 0:00:06]} Kb5 {[%emt 0:01:17]} 38. Bf8 {[%emt 0:00:17]} Kc4 {[%emt 0:00:12]} 39. Bc5 {[%emt 0:00:18]} Nc7 {[%emt 0:02:36]} 40. g3 {[%emt 0:00:08]} Ne6 {[%emt 0:31:22]} 41. h4 {[%emt 0:30:11]} gxh4 42. gxh4 {[%emt 0:00:10]} Nf4 {[%emt 0:01:56]} 43. Kf2 {[%emt 0:00:32]} Nh5 {[%emt 0:02:05]} 44. Ke3 {[%emt 0:00:09]} Kd5 {[%emt 0:00:12]} 45. Kd3 {[%emt 0:00:26]} a4 {[%emt 0:00:39]} 46. Kc3 {[%emt 0:00:19]} Ke6 {[%emt 0:01:03]} 1-0

[Event "21st Alekhine FIDE 2017"]
[Site "Voronezh"]
[Date "2017.06.17"]
[Round "6"]
[White "Palin, Denis"]
[Black "Garafutdinov, Ainur"]
[Result "1/2-1/2"]
[WhiteElo "2158"]
[BlackElo "1998"]
[Annotator "NA"]
[PlyCount "88"]
[EventDate "2017.??.??"]
[EventType "swiss"]
[EventCountry "RUS"]
[SourceTitle "playchess.com"]
[Source "ChessBase"]
[SourceQuality "1"]
[TimeControl "40/5400+30:1800+30"]

1. e4 {[%emt 0:00:32]} e5 {[%emt 0:02:23]} 2. Nf3 {[%emt 0:00:05]} Nc6 {[%emt 0:00:03]} 3. Nc3 {[%emt 0:00:05]} Nf6 {[%emt 0:00:04]} 4. a3 {[%emt 0:00:04]} d5 {[%emt 0:00:54]} 5. Bb5 {[%emt 0:00:05] C47: Scotch Four Knights and Four Knights with 4 g3} (5. exd5 Nxd5 6. Bb5 Nxc3 7. bxc3 Bd6 8. d4 exd4 9. Qe2+ Qe7 10. Qxe7+ Kxe7 11. cxd4 a6 12. Bxc6 bxc6 13. c4 Re8 {0-1 (45) Motylev,A (2686)-Karjakin,S (2777) Moscow 2014}) 5... d4 {[%emt 0:04:59]} 6. Ne2 {[%emt 0:01:37]} Bd6 {[%emt 0:02:58]} 7. Ng3 {[%emt 0:02:33]} Be6 $146 {[%emt 0:15:55]} ({Predecessor:} 7... a6 8. Bxc6+ bxc6 9. h3 Rb8 10. d3 O-O 11. c4 c5 12. b3 Ne8 {1-0 (39) Frank,H (2303)-Kuhl,E (2358) GER email 2008}) 8. d3 {[%emt 0:03:11]} h6 {[%emt 0:02:23]} 9. Qe2 {[%emt 0:01:44]} Nd7 {[%emt 0:07:05]} 10. Nf5 {[%emt 0:04:15]} Qf6 {[%emt 0:17:44]} 11. Bxc6 {[%emt 0:07:44]} bxc6 {[%emt 0:00:00]} 12. g4 {[%emt 0:00:13]} Bf8 {[%emt 0:10:07]} 13. Rg1 {[%emt 0:02:24]} Qd8 {[%emt 0:06:14]} 14. g5 {[%emt 0:06:12]} h5 {[%emt 0:00:17]} 15. g6 {[%emt 0:01:03]} f6 {[%emt 0:00:03]} 16. N3h4 {[%emt 0:01:34]} Nc5 {[%emt 0:04:58]} 17. f4 {[%emt 0:05:47]} exf4 {[%emt 0:01:46]} 18. Bxf4 {[%emt 0:00:07]} Qd7 {[%emt 0:00:15]} 19. Nf3 {[%emt 0:05:40]} Bxf5 {[%emt 0:01:07]} 20. exf5+ {[%emt 0:00:01]} Be7 {[%emt 0:00:22]} 21. Nh4 {[%emt 0:01:33]} O-O-O {[%emt 0:00:47]} 22. O-O-O {[%emt 0:18:14]} Bd6 {[%emt 0:01:54]} 23. Qf2 {[%emt 0:05:45]} Bxf4+ 24. Qxf4 {[%emt 0:00:01]} Qd5 {[%emt 0:01:09]} 25. Kb1 {[%emt 0:02:02]} Na4 {[%emt 0:05:10]} 26. Qe4 {[%emt 0:04:31]} Rhe8 {[%emt 0:02:30]} 27. Qxd5 {[%emt 0:00:14]} Rxd5 {[%emt 0:00:01]} 28. Rde1 {[%emt 0:00:35]} Rde5 {[%emt 0:00:01]} (28... Rxe1+ $11 {remains equal.} 29. Rxe1 Kd7) 29. Nf3 {[%emt 0:00:49]} Rxe1+ {[%emt 0:00:05]} 30. Rxe1 {[%emt 0:00:03]} Rxe1+ {[%emt 0:00:06]} 31. Nxe1 {[%emt 0:00:03]} Nb6 {[%emt 0:01:39]} 32. Nf3 {[%emt 0:00:48]} Nd5 {[%emt 0:01:08]} 33. Nxd4 {[%emt 0:00:32]} Ne7 {[%emt 0:00:05]} 34. b4 {[%emt 0:00:06]} Kd7 {[%emt 0:00:21]} 35. c4 {[%emt 0:03:15]} Kd6 {[%emt 0:00:49]} 36. Kb2 {[%emt 0:00:07]} Ke5 {[%emt 0:00:48]} 37. Kc3 {[%emt 0:00:07]} h4 $16 {[%emt 0:00:56]} 38. Nf3+ {[%emt 0:13:09]} Kxf5 {[%emt 0:00:12]} 39. Nxh4+ {[%emt 0:00:01]} Kg4 {[%emt 0:00:20]} 40. Ng2 {[%emt 0:00:04]} Nxg6 {[%emt 0:30:54]} 41. Ne3+ {[%emt 0:31:36]} Kf4 {[%emt 0:00:10]} 42. Kd2 {[%emt 0:00:25]} Nh4 {[%emt 0:01:42]} 43. Ke2 {[%emt 0:00:31]} g5 {[%emt 0:03:51]} 44. b5 {[%emt 0:00:24]} cxb5 {[%emt 0:00:24]} 1/2-1/2

[Event "21st Alekhine FIDE 2017"]
[Site "Voronezh"]
[Date "2017.06.17"]
[Round "6"]
[White "Maratkanov, Evgeny"]
[Black "Lepaev, Andrey"]
[Result "1/2-1/2"]
[WhiteElo "2145"]
[BlackElo "2059"]
[Annotator "TA"]
[PlyCount "127"]
[EventDate "2017.??.??"]
[EventType "swiss"]
[EventCountry "RUS"]
[SourceTitle "playchess.com"]
[Source "ChessBase"]
[SourceQuality "1"]

{[%evp 17,127,18,46,12,15,0,28,0,4,-4,0,-10,10,7,4,5,32,36,37,4,5,5,12,0,0,-7,-12,-31,-26,-21,-13,-33,-31,-114,-127,-122,-114,-137,-133,-127,-141,-172,-166,-152,-158,-206,-148,-165,-164,-175,-175,-165,-171,-170,-170,-177,-166,-179,-154,-200,-190,-175,-45,-33,-28,-39,-26,-60,-54,-82,-92,-114,-104,-116,0,0,0,0,0,0,0,0,0,0,0,0,0,-251,0,-15,0,0,0,-15,0,0,0,-15,0,0,0,-308,-50,-33,0,-279,-223,-169,0,-144,-114,-119]} 1. Nf3 d5 2. d4 Nf6 3. g3 e6 4. Bg2 Be7 5. O-O O-O 6. c4 dxc4 7. Ne5 c5 8. dxc5 Qc7 9. Nxc4 Qxc5 10. Qb3 {E05: Open Catalan: 5 Nf3 Be7} (10. b3 Rd8 11. Nbd2 Nc6 12. Bb2 Qb5 13. e3 Bd7 14. a4 Qa6 15. g4 Be8 16. g5 Nd7 17. Qg4 Nde5 18. Nxe5 Nxe5 19. Bxe5 Rxd2 {½-½ (31) Matlakov,M (2701)-Blomqvist,E (2574) Caleta 2017}) 10... Nc6 11. Be3 Qh5 12. Nbd2 {White has an edge.} Ng4 {[%csl Gg4][%cal Rh5h2]} 13. h3 Nxe3 14. Qxe3 Bc5 15. Qf3 Qxf3 16. Nxf3 Re8 $146 ({Predecessor:} 16... Bd7 17. Rfd1 Rad8 {½-½ (17) El Kher,H-Olsen,H (2325) Copenhagen 1996}) 17. Rfd1 e5 18. Nd6 Bxd6 19. Rxd6 f6 20. Rad1 Be6 21. a3 Kf7 22. e3 Ke7 23. R6d2 Rac8 24. Ne1 Na5 25. Bd5 (25. Bf1 $15) 25... Bxh3 $17 26. Kh2 Be6 27. Bxe6 Kxe6 28. Rd6+ Kf7 29. R1d5 Nc4 30. Rd7+ Re7 $1 31. Nd3 Nb6 32. Rxe7+ Kxe7 {[%mdl 4096] Endgame KRN-KRN} 33. Rb5 Kd6 34. Rb3 Rc2 35. Kg1 Kc7 36. Nb4 Rc1+ 37. Kg2 e4 38. Na2 Rc2 $1 39. Nc3 f5 (39... Nc4 $1 $19 {Hoping for ...Nxe3+.} 40. Nxe4 Kc6) 40. Nb5+ $15 Kb8 41. Nd4 Rd2 42. Nxf5 g6 43. Nd4 Nc4 44. Nc6+ Ka8 45. Rc3 Nxe3+ (45... Nxb2 $17 46. Ne5 Rxf2+ $1 {[%mdl 512]} 47. Kg1 Rf8) 46. Rxe3 $11 {And now Na5 would win.} bxc6 $17 {KR-KR} 47. b4 Rd4 48. Kf1 h5 49. Ke2 Kb7 50. Rc3 Kb6 51. Rc5 Rd3 (51... Rd5 $5 {[%cal Rd5c5]} 52. Rc4 Re5 $11) 52. Ra5 $2 {[%mdl 8192] [#]} (52. Rg5 $11 {and White has nothing to worry.}) 52... Rb3 $2 ({Black should play} 52... Rd5 $1 $19 {[%cal Rd5a5]} 53. Ra4 g5) 53. Kd2 Rf3 54. Ke2 Rb3 55. Kd2 Rf3 56. Ke2 Rb3 57. Kd2 Rf3 58. Ke2 Rd3 59. Ra4 $2 {[%mdl 8192]} (59. Rg5 $11) 59... Rc3 $2 (59... g5 $19 {...h4 is the strong threat.} 60. Kf1 h4 61. gxh4 gxh4) 60. Ra5 $15 Rd3 $2 (60... c5 $15) 61. Ra4 $19 Rd5 62. b5 g5 $2 ({Don't do} 62... Kxb5 63. Rxa7 c5 64. Ke3 $17) (62... cxb5 $19 63. Rxe4 Rd6) 63. Rxe4 (63. bxc6 $11 a5 64. Rxe4) 63... cxb5 $17 64. Re6+ {Precision: White = 52%, Black = 58%.} 1/2-1/2